|
|
|
|
| LEADER |
00000nab a2200000 a 4500 |
| 001 |
vtls001499854 |
| 003 |
SK-MaSNL |
| 005 |
20260303214720.0 |
| 008 |
140302s1996 xo 000 0 slo |
| 035 |
|
|
|a SPKCL2618
|
| 040 |
|
|
|a SPKCL
|b slo
|c SNKBUCL
|d ÚIP-SPK(TP)
|e AACR2
|
| 041 |
|
|
|a slo
|
| 044 |
|
|
|a xo
|c SK
|
| 080 |
|
|
|a 371.125.8
|2 1981
|
| 100 |
1 |
|
|a Vykrutová, Jolana
|4 aut
|9 1241490
|
| 245 |
1 |
0 |
|a Obavy, očakávania a predsudky spojené s psychologickou pomocou škole
|c Jolana Vykrutová
|
| 520 |
|
|
|a Úloha psychológa. Odbúranie predsudkov voči psychológovi. Úloha učiteľa.Záujem o žiaka ako o ľudskú bytosť.
|
| 650 |
0 |
7 |
|a žiaci
|2 snkbucl
|9 16621
|
| 650 |
0 |
7 |
|a učitelia
|2 snkbucl
|9 3995
|
| 650 |
0 |
7 |
|a psychológovia
|2 snkbucl
|9 15000
|
| 773 |
1 |
|
|t Učiteľské noviny
|g Roč. 46, č.33 (1996) s.10
|
| 850 |
|
|
|a Slovenská pedagogická knižnica Bratislava
|
| 852 |
|
|
|a SPKCL
|b KIS3GCP
|b 000710000
|n SK
|
| 999 |
|
|
|c 2218436
|d 2220366
|